000
00245nam a22001217a 4500
040
_c
SY
082
_a
657
100
_a
CHHOENG CHANTHA
245
_a
Financial accounting
260
_a
IME
_b
CHHOENG CHANTHA
_c
2000
300
_a
69p.
942
_c
EK
999
_c
8890
_d
8890